Principles of plant genetics and breeding / (Record no. 20763)

000 -LEADER
fixed length control field 01734cam a22001818i 4500
020 ## - INTERNATIONAL STANDARD BOOK NUMBER
ISBN 9781119626329
040 ## - CATALOGING SOURCE
Transcribing agency DLC
082 00 - DEWEY DECIMAL CLASSIFICATION NUMBER
Classification number 631 JOH 2021 A006 Or.
100 1# - MAIN ENTRY--AUTHOR NAME
Personal name Acquaah, George,
245 10 - TITLE STATEMENT
Title Principles of plant genetics and breeding /
250 ## - EDITION STATEMENT
Edition statement Third edition.
300 ## - PHYSICAL DESCRIPTION
Number of Pages pages cm
500 ## - GENERAL NOTE
General note Includes index.
520 ## - SUMMARY, ETC.
Summary, etc "Principles of Plant Genetics and Breeding, 3rd Edition introduces both classical and molecular tools for plant breeding. Topics such as biotechnology in plant breeding, intellectual property, risks, emerging concepts (decentralized breeding, organic breeding), and more are addressed in the updated edition of this text. Industry highlight boxes are included throughout the text to contextualize the information given through the professional experiences of plant breeders. The final chapters provide a useful reference on breeding the largest and most common crops. New to this edition - A more comprehensive list of molecular markers: Allozyme, RFLPs, RAPD, SSR, ISSR, DAMD, SCoT, AFLP, SNPs, ESTs, SCAR, DArT, RAMP. A table of comparison of these markers will be included. New plant breeding techniques will be discussed, including - (NPBTs): Zinc finger nuclease, TALE nuclease (TALENs), Oligonucleotide directed mutagenesis (ODM), Cisgenesis and intragenesis, RNA-dependent DNA methylation (RdDM), Grafting on GM stock, Reverse breeding, Agro-infiltration, Genome editing (CRSPR-Cas system). Section on breeding selected crops will be removed (based on feedback from readers/reviewers). Industry highlights within the main text will highlight applications of some breeding methods in other chapters"--
650 #0 - SUBJECT ADDED ENTRY--TOPICAL TERM
Topical Term Plant breeding.
650 #0 - SUBJECT ADDED ENTRY--TOPICAL TERM
Topical Term Plant genetics.
942 ## - ADDED ENTRY ELEMENTS (KOHA)
Koha item type ADB
952 ## - LOCATION AND ITEM INFORMATION (KOHA)
Withdrawn status [LOCAL, KOHA] 0
Holdings
Permanent Location Date acquired Koha item type Lost status Shelving location Barcode Current Location Full call number
Library Block A2022-11-25ADB A028a069622Library Block A631 JOH 2021 A028 Or.
មជ្ឈមណ្ឌលឯការនៃសាកលវិទ្យាល័យភូមិន្ទកសិកម្មចំការដូង

Powered by Koha